000 01508cam a2200373 i 4500
003 OSt
005 20240530110424.0
008 130215t20122012ua ab f b 000 0 eng d
020 _a9789774165405
020 _a9774165403
035 _a(OCoLC)ocn788267689
040 _aEG-CaGPL
_cEG-CaGPL
042 _alccopycat
043 _aaw-----
082 0 0 _223
_a333.56
_bA P
245 0 0 _aPopular housing and urban land tenure in the Middle East :
_bcase studies from Egypt, Syria, Jordan, Lebanon, and Turkey /
_cedited by Myriam Ababsa, Baudouin Dupret, Eric Denis.
264 1 _aCairo ;
_aNew York :
_bAmerican University in Cairo Press,
_c[2012]
300 _axix, 347 pages :
_billustrations, maps ;
_c24 cm.
336 _atext
_2rdacontent
337 _aunmediated
_2rdamedia
338 _avolume
_2rdacarrier
504 _aIncludes bibliographical references.
650 0 _aHousing policy
_zMiddle East.
650 0 _aUrbanization
_zMiddle East.
650 0 _aLand use, Urban
_zMiddle East.
650 0 _aCity planning
_zMiddle East.
700 1 _aAbabsa, Myriam,
_eeditor.
700 1 _aDupret, Baudouin,
_eeditor.
700 1 _aDenis, Eric,
_eeditor.
856 4 2 _3Contributor biographical information
_uhttp://www.loc.gov/catdir/enhancements/fy1307/2012406877-b.html
856 4 2 _3Publisher description
_uhttp://www.loc.gov/catdir/enhancements/fy1307/2012406877-d.html
856 4 1 _3Table of contents only
_uhttp://www.loc.gov/catdir/enhancements/fy1307/2012406877-t.html
942 _2ddc
_cBK
999 _c60721
_d60721